One Tree Hill - Statistics

General Stats
  • This quiz has been taken 311 times
  • The average score is 13 of 15
Answer Stats
Hint Answer % Correct
LS Lucas Scott
98%
NS Nathan Scott
98%
BD Brooke Davis
97%
HJS Haley James Scott
96%
PS Peyton Sawyer
96%
DS Dan Scott
95%
JS Jamie Scott
90%
DS Deb Scott
87%
KR Karen Roe
86%
QJ Quinn James
84%
MM Marvin Mcfadden
75%
CE Clay Evans
74%
JB Julian Baker
73%
AT Antwon Taylor
60%
TJ Taylor James
55%
No matching quizzes found
Score Distribution
Percent of People with Each Score
Percentile by Number Answered
Your Score History
You have not taken this quiz